[Event "EU-Cup 28th"]
[Site "Eilat"]
[Date "2012.10.15"]
[Round "5.1"]
[White "Edouard, Romain"]
[Black "Gofshtein, Leonid D"]
[Result "1-0"]
[WhiteElo "2664"]
[BlackElo "2480"]
[Annotator "Edouard,R"]
[PlyCount "121"]
[EventDate "2012.10.11"]
[EventType "team-swiss"]
[EventRounds "7"]
[EventCountry "ISR"]
[SourceTitle "CBM 151"]
[Source "ChessBase"]
[SourceDate "2012.11.13"]
[SourceVersion "1"]
[SourceVersionDate "2012.11.13"]
[SourceQuality "1"]
[WhiteTeam "Geneve"]
[BlackTeam "Petah Tikva"]
[WhiteTeamCountry "SUI"]
[BlackTeamCountry "ISR"]

1. e4 e5 2. Nf3 Nc6 3. Bb5 a6 4. Ba4 Nge7 5. c3 g6 6. d4 exd4 7. cxd4 b5 8. Bc2
Bg7 9. d5 Na5 10. Bd2 $1 {A recent idea supposed to give White some advantage.}
c5 (10... Bxb2 $6 11. Bxa5 Bxa1 12. Nc3 $40) (10... Nc4 11. Bc3 Bxc3+ 12. Nxc3
$146 {is better for White.}) 11. Bc3 Bxc3+ 12. Nxc3 d6 13. Qc1 {My idea is to
be ready to go Qh6 when Black is going to castle.} (13. h3 {would be normal.})
13... Bg4 14. Bd1 $6 {Too much creativity! Let's be honest and say this move
makes no sense.} (14. Ng5 {followed by h3 would return to a normal sort of
position.} h6 $140 $6 15. Nxf7 Kxf7 16. Qf4+ $16) 14... Bxf3 (14... O-O 15. Ng5
Bxd1 16. Nxd1 {is a little bit better for White, but still worse than 14.Ng5,
for example.}) 15. Bxf3 O-O (15... Nc4 16. Be2 {followed by 0-0, f4, is a
little bit better for White.}) 16. h4 $6 (16. b3 $142) 16... Kg7 ({I was
focused on} 16... f5 17. h5 Qe8 $6 (17... Nc4 $1 $13) 18. e5 $1 dxe5 19. d6 e4
20. Be2 Nec6 21. Nd5 {which is better for White.}) 17. Ne2 {I played this move
to try to be clever and force Black to take back on g6 with the h-pawn, but I
immediately noticed it simply doesn't work.} (17. h5 Ng8 18. hxg6 fxg6 (18...
hxg6 19. b3 {is a better much version compared to the game, while the plan
will be the same.}) 19. e5 $1 Nc4 (19... dxe5 $6 20. Ne4 $40) 20. e6 Qf6 21.
O-O Qf5 {and here I guess White should be very slightly better, but I'm not
even sure.}) 17... Nc4 18. h5 Ng8 19. hxg6 hxg6 (19... Qa5+ 20. Kf1 fxg6 21. b3
Nd2+ 22. Kg1 {seems quite good for White. Somehow the black queen has nothing
to do on a5.}) (19... fxg6 $5 20. Nf4 Rxf4 21. Qxf4 Nxb2 $13 {was the simplest
- Black is fine.}) 20. Ng3 $5 {The beginning of an interesting plan.} Qf6 ({
After} 20... Qa5+ {I thought I should be a bit better due to the misplaced
queen on a5, and the Nf5+ possibilities, but actually after} 21. Ke2 Rfe8 $1 {
Black is in time to find enough counterplay (which seems quite fair and
logical by the way...):} 22. b3 Ne5 23. Kf1 c4 24. Be2 Rac8 25. bxc4 Nxc4 (
25... bxc4 $5) 26. Bxc4 Rxc4 27. Nf5+ Kf8 28. Qf4 gxf5 29. Qxd6+ Re7 30. Qb8+
Re8 $11) 21. Rb1 {It is important not to weaken my queenside pawns.} Ne5 (21...
Rfe8 $5) 22. Be2 c4 23. Qe3 Rfe8 24. Kf1 Rac8 25. Kg1 {Here Black is still OK
but has to be very precise. It is necessary to go ...Nd3 at the right moment.
The right one is now.} (25. Rh3 $5) 25... Re7 $2 (25... Nd3 $1 26. Bxd3 cxd3
27. Qxd3 Qf4 $1 {followed by ...Rc1 or ...Nf6 and Black is going to equalise.})
26. f4 {Now Black has huge problems.} Nd3 (26... Nd7 27. Bg4 $40) 27. f5 $1 Nb4
$8 (27... Nxb2 $2 28. fxg6 fxg6 29. Rf1 Qe5 30. Nf5+ $18) 28. fxg6 fxg6 29. Rf1
Nc2 $8 {Otherwise Black loses much more material.} (29... Nxd5 30. Qd2 c3 31.
bxc3 Qxc3 32. Nh5+ $1 {with mate.}) 30. Rxf6 Nxe3 31. Rxd6 c3 $6 (31... Nf6
$142 32. Rh4 {(/\ Rf4-Rf3)} (32. Bf3 $6 c3 33. bxc3 Rxc3 34. Rxa6 Rc1+ 35. Kf2
Rxh1 36. Nxh1 Nxe4+ {gives Black very decent chances to make a draw.}) 32...
Rf7 $5 {and Black has no clear compensation but can fight more than in the
game.}) 32. bxc3 Rxc3 33. Rxa6 Nf6 (33... Nxd5 34. exd5 Rxg3 35. Bf3 $16) 34.
Rh4 (34. d6 $5 Rf7 35. Rh4) (34. Bf3 $6 {would transpose into 31...Nf6 32.Bf3.}
) 34... Nexd5 35. exd5 Rxg3 36. Bf3 Rg5 37. Rb4 $5 (37. Rd4 $16) 37... Nxd5 38.
Rxb5 Nc7 39. Rxg5 Nxa6 40. Rb5 Re1+ 41. Kf2 Ra1 42. Rb2 $5 {This move looks a
little bit weird, but now I have the simple idea to bring my king to the
b-file.} (42. Bd5 $5) 42... Nc5 43. Ke3 Kf6 44. Kd4 Ne6+ 45. Kc4 Rc1+ 46. Kb4
Nd4 47. a4 Ke5 48. a5 Nxf3 49. gxf3 Kd6 (49... Ra1 50. Kb5 (50. Rb3 $5 Kd6 51.
Rc3 {seems like the most technical.}) 50... Ra3 51. Rg2 {wins.}) 50. Rg2 Rb1+
51. Kc4 Rc1+ 52. Kb5 $4 {Of course I saw that 52.Kd3 was totally winning, but
for some crazy reason I thought this was even simpler.} (52. Kd3 Rd1+ 53. Ke2
Ra1 54. Rxg6+ Ke5 55. Kd3 $5 Kf5 (55... Kf4 56. a6 $18) 56. Rh6 Kg5 57. Ra6 $18
) 52... Rc5+ 53. Kb6 Rc6+ 54. Kb7 Rc7+ 55. Kb8 Rf7 $4 (55... Rg7 $1 {Actually
I had thought only of the text move 55...Rf7, which is the active option while
55...Rg7 is very passive and seems like not enough to hold. At first I wrote
in my commentary that this move was not natural, but I'm not sure I'm allowed
to write that since it is the only move to defend the pawn!} 56. Rc2 $8 (56. a6
Kc6 $11) 56... Rf7 $1 57. Rc3 Rf5 58. a6 Rb5+ 59. Ka8 g5 {and the position
seems like a draw:} 60. a7 Rb1 61. Rc8 Rb3 62. Rb8 Rxf3 63. Kb7 Rf7+ 64. Kb6
Rxa7 65. Kxa7 Ke5 $11) 56. a6 $1 {Maybe the move my opponent missed.} (56.
Rxg6+ $4 Kc5 {is a draw!}) 56... Rf8+ ({I had seen couple of moves ago that} 
56... Kc6 {was the only way to fight but after} 57. Rxg6+ Kb5 58. a7 $1 ({Not} 
58. Rd6 $4 {like I had seen due to} Kc5 $1 $11) 58... Rf8+ 59. Kc7 Rf7+ 60. Kd6
Rxa7 61. Ke5 {and the f-pawn is enough to win, since the black king is
suddenly very far away.}) (56... Rxf3 57. Rxg6+ Kd7 (57... Kc5 58. a7 $18) 58.
Rb6 $18 (58. Kb7 $18)) 57. Kb7 Rf7+ 58. Kb6 Rxf3 59. Rxg6+ Kd7 60. a7 Rb3+ 61.
Ka6 1-0

[Event "Cannes op"]
[Site "Cannes"]
[Date "1996.??.??"]
[Round "8"]
[White "Groszpeter, Attila"]
[Black "Nikcevic, Nebojsa"]
[Result "1/2-1/2"]
[WhiteElo "2565"]
[BlackElo "2485"]
[Annotator "Endgame-CD"]
[PlyCount "158"]
[EventDate "1996.02.??"]
[EventType "swiss"]
[EventRounds "9"]
[EventCountry "FRA"]
[SourceTitle "CBM 051 Extra"]
[Source "ChessBase"]
[SourceDate "1996.05.01"]
[SourceVersion "1"]
[SourceVersionDate "1996.05.01"]
[SourceQuality "1"]

1. e4 e5 2. Nf3 Nc6 3. Bb5 a6 4. Ba4 b5 5. Bb3 Na5 6. O-O d6 7. d4 f6 8. Nc3
Nxb3 9. axb3 Bb7 10. Qe2 Ne7 11. Rd1 Ng6 12. dxe5 fxe5 13. Ng5 Qd7 14. Nd5 Be7
15. Nxe7 Nxe7 16. Qh5+ g6 17. Qf3 Ng8 18. c4 h6 19. Nh3 bxc4 20. bxc4 Qc6 21.
c5 Qxc5 22. Be3 Qb4 23. Rac1 Rh7 24. Qe2 Qxe4 25. f3 Qf5 26. Nf2 Nf6 27. Qc4
Kf8 28. Qb4 Bc8 29. Bxh6+ Kg8 30. Be3 Be6 31. Qa5 Rc8 32. Qxa6 g5 33. h3 e4 34.
fxe4 Nxe4 35. Nxe4 Qxe4 36. Re1 Bd5 37. Qe2 Re8 38. Qg4 Qxg4 39. hxg4 Rh4 40.
Rxc7 Rxg4 41. Re2 Ba8 42. Rc3 Rge4 43. Kf2 d5 44. Rd2 Rg4 45. Rd4 Rxd4 46. Bxd4
Re4 47. Rc8+ Kf7 48. Be3 d4 49. Bxg5 Rg4 50. Rxa8 Rxg5 51. Rd8 Rc5 52. g4 Ke6
53. Kf3 d3 54. Ke3 Rc4 55. Kxd3 Rxg4 $10 56. Kc3 Rg7 $1 {Schwarz muß Vorsorge
treffen, die Absperrung seines Königs sofort aufheben zu können.} (56... Ke7 $1
57. Rd4 Rg8 58. b3 (58. b4 Rd8 $1 $10) 58... Rc8+ $10) (56... Rg5 $4 57. Kc4 $1
$18) 57. b3 $1 {Schlau gespielt. Nun wäre das Bauernerndspiel nach Turmtausch
für Schwarz verloren.} (57. b4 Rd7 $1 $10 {Nach Tausch ist das Bauernendspiel
Remis. Zieht der weiße Turm weg, dann kommt der schwarze König vor den Bauern.}
) 57... Rc7+ {Auch andere Wartezüge auf der 7.Reihe reichen zum Remis.} (57...
Rd7 $4 58. Rxd7 Kxd7 59. Kb4 $18) 58. Kb2 (58. Kb4 {droht Ka5 mit Gewinn.} Rb7+
$10) 58... Rb7 59. Rd3 Rb6 {Am besten steht der Turm so weit vom weißen König
entfernt wie möglich.} (59... Rb8 60. Ka3 Ra8+ 61. Kb4 Rb8+ 62. Kc5 Rc8+ $8 63.
Kb6 Ke5 $1 64. Kb7 (64. Rh3 Rb8+ 65. Kc7 Rb4 66. Kc6 Rb8 $10 (66... Kd4 $10))
64... Rc5 (64... Rc1 65. b4 $140 Rb1 $10) 65. b4 $140 (65. Rh3 Rb5+ 66. Kc6 Rb8
$10) 65... Rb5+ $10) 60. Kc3 (60. Rd4 Rb8 61. b4 Ke5 $10 {und Weiß muß die
Absperrung aufgeben.}) 60... Rc6+ 61. Kb4 Rc8 $8 (61... Rb6+ $4 62. Kc5 $18)
62. Kb5 Rb8+ $4 (62... Ke5 $1 63. Rh3 (63. Kb6 Rb8+ 64. Kc7 Rb4 65. Kc6 Ke4 $1
66. Rh3 Kd4 $1 $10) 63... Rb8+ 64. Kc6 $5 {Schwarz ist nun fast im Zugzwang:
Wenn der Turm die b-Linie verläßt, dann zieht der Bauer vor; Ke6 stellt den
König in feindliche Opposition und Rb4 erlaubt Weiß einen wichtigen
Tempogewinn.} (64. Kc5 Rc8+ 65. Kb6 Rb8+ (65... Kd4 $10) 66. Kc7 Rb4 67. Kc6
Rb8 $10) 64... Kd4 $1 {hält die Partie.} (64... Ke6 $4 65. Re3+ Kf5 66. Kd6 Kf4
67. Rh3 $18) (64... Rb4 65. Kc5 Rb8 66. Rh5+ $18) 65. Kc7 Rb4 66. Kc6 Rb8 $10)
63. Kc5 $4 (63. Kc6 $1 Rc8+ 64. Kb7 Rc5 65. Kb6 Rc8 66. Rh3 {[%cal Rh3h7,Rh7b7]
} Rb8+ 67. Kc7 Rb4 68. Kc6 $1 Rb8 (68... Ke5 69. Kc5 Rb8 70. Rh5+ Ke6 71. Rh6+
$1 Kd7 72. Rh7+ Ke6 73. b4 Rc8+ 74. Kb6 Rb8+ 75. Rb7 $18) 69. Re3+ Kf5 70. Kd6
(70. Kc7 Rb4 71. Kd6 Rb8 72. Rh3 Kg4 73. Rc3 $18) 70... Kf4 (70... Rb4 71. Kc5
Rb8 72. b4 $18) (70... Rb5 71. Rh3 Kf6 72. Kc6 Rb8 73. Kc7 Rb4 74. Rh6+ $1 Ke5
75. Rb6 $18) 71. Rh3 {Nun droht b2-b4 wegen der Möglichkeit Th4} Kg4 72. Rc3 (
72. Kc7 $5 $18) 72... Kf5 73. Kc7 Rb4 74. Kc6 Ke5 (74... Ke6 75. Re3+ $18) 75.
Kc5 Rb8 76. Re3+ Kf4 77. Rh3 $1 $8 (77. Rc3 Rc8+ 78. Kb4 Rb8+ 79. Ka3 Ra8+ $10)
77... Kg4 78. Rc3 Rc8+ 79. Kb4 Rb8+ 80. Ka5 Kf4 81. b4 Ra8+ 82. Kb6 Rb8+ 83.
Kc5 Rc8+ 84. Kd4 Rd8+ 85. Kc4 Rc8+ 86. Kb3 Rb8 87. Rc5 Ke4 88. b5 Kd4 89. Kb4
Rb7 (89... Rh8 90. b6 Rh1 91. Kb5 $18) 90. Rh5 Rb8 91. Rh6 Kd5 92. b6 Rb7 93.
Kb5 Rb8 94. Rh7 Kd6 95. b7 Rf8 96. Kb6 $18) 63... Rc8+ $10 64. Kb6 Rb8+ $4 (
64... Ke5 $1 $10) 65. Kc7 $1 $18 (65. Kc6 $18) 65... Rb4 66. Kc6 Ke5 (66... Rb8
67. Rd6+ Ke5 68. Rd5+ Ke6 69. Rb5 $18) 67. Kc5 (67. Rd5+ $142 Ke6 68. Rb5 $18)
67... Rb8 68. b4 $4 (68. Re3+ $1 Kf4 69. Rh3 $18) (68. Rh3 $4 Rc8+ 69. Kb6 Rb8+
70. Kc7 Rb4 71. Kc6 Rb8 $10) 68... Rc8+ 69. Kb5 Rb8+ 70. Kc4 Rc8+ 71. Kb3 Rb8
72. Rd2 Ke6 73. Rd4 Ke5 74. Kc3 Rc8+ 75. Rc4 Rb8 76. Rc6 {/\ 77.Kc4 +-} (76.
Rc7 Rb6 77. Kc4 Kd6 78. Rc8 Rc6+ $10) 76... Kd5 $8 77. Ra6 {/\ 78.Kb3-a4 +-}
Rc8+ $1 $8 78. Kb3 Rc6 $1 $8 79. Ra7 Rc1 (79... Rc1 80. Kb2 Rc6 81. Ka3 Rc3+
82. Ka4 Kc6 83. Rh7 Kb6 $10) 1/2-1/2

[Event "ISR-ch"]
[Site "Ramat Aviv"]
[Date "2004.09.28"]
[Round "8"]
[White "Erenburg, Sergey"]
[Black "Khmelniker, Ilya"]
[Result "1-0"]
[WhiteElo "2533"]
[BlackElo "2444"]
[Annotator "Erenburg,S"]
[PlyCount "107"]
[EventDate "2004.09.19"]
[EventType "swiss"]
[EventRounds "9"]
[EventCountry "ISR"]
[SourceTitle "CBM 104"]
[Source "ChessBase"]
[SourceDate "2005.01.27"]
[SourceVersion "1"]
[SourceVersionDate "2005.01.27"]
[SourceQuality "1"]

1. e4 e5 2. Nf3 Nc6 3. Bb5 a6 4. Ba4 b5 5. Bb3 Na5 $5 {Very rare Norvegian
variation moves the game out of main theoretical lines. Its main idea is to
eliminate white's light-squared bishop.} 6. d4 ({Interesting alternative is
the sacrifice on f7:} 6. Bxf7+ Kxf7 7. Nxe5+ {, but with exact play black's
chances are probably better...} Ke7 8. d4 d6 9. Bg5+ Nf6 10. Nd3 h6 11. Bh4 g5
12. Bg3 Bg4 13. f3 Bh5 14. O-O Kf7 15. Qe1 Nc4 16. b3 Nb6 17. f4 Kg8 18. Nd2
Rh7 $15 {1-0 Jusic,Z-Bilic,M/Velika Gorica 2002/CBM 89 ext (33)}) (6. O-O {
1/2-1/2 Svidler,P-Orlov,V/St Petersburg 1996/CBM 56/[Wedberg] (47)}) 6... Nxb3
(6... exd4 7. Qxd4 Ne7 $1 8. c3 $6 (8. O-O Nxb3 9. axb3 Bb7 10. Nc3 $14) 8...
Nxb3 9. axb3 Bb7 {0-1 Addison,W-Fischer,R/New York 1963/MainBase/[ChessBase] 
(38)}) 7. axb3 exd4 8. Qxd4 {Of course, white takes with the queen in order to
create the pressure along the "d" file.} Bb7 (8... Ne7 9. O-O Nc6 10. Qd5 $6 (
10. Qd3 $5) 10... Bb7 11. Rd1 Be7 12. c4 O-O 13. Nc3 Na5 14. Qxd7 Nxb3 15. Rb1
$6 (15. Qf5 $142) 15... Qxd7 16. Rxd7 Bd6 $17 {0-1 Gipslis,A-Taimanov,M/Riga
1958/URS-ch (27)}) 9. Bg5 $5 {Interesting and typical attempt to disturb black
to complete the development. In this way, white prevents black's Qf6.} ({
Of course, logical} 9. Nc3 {with following pressure along the "d" file gives
white chances for an edge as well.}) 9... f6 10. Bf4 Ne7 11. Nc3 {[%cal Ye1c1]}
Nc6 {This position appeared for the first time. In the previous game black
continued} (11... Ng6 12. Bg3 Be7 13. Nd5 d6 14. O-O O-O 15. Rad1 f5 16. exf5
Rxf5 17. Qe4 Rxd5 18. Rxd5 Kh8 19. Qd3 Bxd5 20. Qxd5 $14 {1-0 Szabo,I-Mozes,E/
Bucharest 1968/EXT 2001 (32)}) (11... d5 12. exd5 Nxd5 13. O-O-O $32) 12. Qe3
Bb4 $1 {Black has some problems with development of his dark-squared bishop,
as it doesn't have any good position. White's main idea is to occupy the d5
square with the knight. Therefore, Black changes his dark-squared bishop.} 13.
O-O-O Bxc3 14. Qxc3 d6 {preparing white's breakthrough e4-e5, and, at the same
time, intending to castle long.} 15. Nh4 $1 {[%cal Yh4f5] White improves the
position of his knight.} Qd7 ({Black cannot win the piece:} 15... b4 16. Qc4 g5
{in view of} 17. Bxd6 cxd6 18. Nf5 $40) 16. Nf5 $14 {White keeps some
initative. His plan is very simpe: adding the rooks along the "d" file with
possible strike on d6, as well as possible occupation of the d5 square with
the knight.} O-O-O 17. Rd2 Kb8 18. Rhd1 {[%cal Gf5d6] Now the capture on d6
with the knight is serious threat.} Qf7 19. f3 {White doesn't hurry with the
transfer of the knight to d5, but strengthens his centre. I waited for g7-g6,
that would weaken black's kingside pawns.} Rhe8 $6 {gives white a possibility
for tactical strike. Better was} (19... Ne5 $5 $14 {[%cal Yf4e3,Yc3d4,Gf5e3,
Ge3d5] but white's chances are clearly better.}) 20. Bxd6 $1 {Right decision
to get rook and two pawns for two light pieces. Of course, white calculated
that he changes all the heavy pieces, that promise white an obvious advantage.}
cxd6 21. Nxd6 Qe6 ({Black cannot allow white to invade into the 7-th rank:} 
21... Rxd6 22. Rxd6 Rc8 23. Rd7 $40) 22. Nxe8 Rxd2 23. Qxd2 Qxe8 24. Qd6+ $1 {
This is the key move in white's mini-combination. I forces black king to move
to c8, that helps white to change the queens.} ({Worse is} 24. Qd7 Qg6 {
and black keeps the queens on the board.}) 24... Kc8 ({Of course not} 24... Ka7
25. Qc7 $18) 25. Qg3 $1 {[%cal Yg3g7,Gg3h3,Yh3c8,Gh3h7] attacking black's "g"
and "h" pawns, that forces black to trade the queens.} Qg6 26. Qxg6 $16 {
Of course, white's chances to win the game are very good. Rook and two pawns
against two light pieces (without other heavy ones) promise almost always
first player victory with exact play.} hxg6 {[%mdl 4096]} 27. Kd2 $6 (27. h4 {
was more precise, as it fixes black's kingside pawns.}) 27... Kd7 (27... g5 {
gave black more chances, but, anyway, white's position should be winning.} 28.
Ke3 $16) 28. Ke3+ Ke6 29. h4 $1 {Better later, than never.} Ke7 30. Ra1 {
White doesn't hurry with decisive actions. One of white's plans can be
carrying out c2-c3 with following b3-b4.} (30. c3 $2 {[%cal Yb3b4] is met by}
Na5 $1) 30... Nb4 31. Kd2 f5 {Black tries to exchange his double pawns. On the
other hand, it opens another file for white rook.} 32. exf5 $1 gxf5 33. Re1+ {
Now, with two open files, black will face serious problems to neutralize
white's rook activity.} Kf7 (33... Kf6 34. Re8 $16) 34. Re5 $6 ({Maybe,} 34. c4
$1 {[%cal Yc4d5] was stronger.}) 34... g6 35. Rc5 Nc6 36. Ke3 Kf6 37. Rd5 {
White realized that the location of the white rook on the fifth rank isn't
perfect.} ({Only not} 37. Kf4 $2 Nd4 $1) 37... Ke6 38. Rd2 Ke5 39. g3 {
preventing from black f5-f4, that would make white's monarch very passive.} Ne7
40. c4 $1 {taking control over d5 square.} f4+ $1 {Probably, the best chance.
Black worsens very much white's pawn structure. Otherwise, white's rook invade
into black's camp through d7 or d8.} 41. gxf4+ Ke6 42. Rd8 $1 {White has to
activate the rook.} Nf5+ 43. Kf2 Nxh4 44. Rb8 Bc6 45. Rb6 $18 {winning another
pawn.} Kd6 46. Rxa6 b4 $1 47. Kg3 {Now it's white's monarch turn to be
activated! White is going to take the g6 pawn with the king, that makes his
position winning.} Nf5+ 48. Kg4 Nd4 49. Kg5 Nxb3 (49... Ne6+ 50. Kxg6 Nxf4+ 51.
Kf5 $1 $18) 50. Kxg6 Nd2 ({Doesn't change anything:} 50... Nc5 51. Rb6 Nd3 52.
f5 Kc5 53. Rxc6+ Kxc6 54. f6 Ne5+ 55. Kg7 b3 56. f7 $18) 51. f5 Nxc4 52. f6
Ne5+ 53. Kg7 b3 54. f4 {It was important victory for achieving the title.} 1-0

[Event "Elgoibar 07th"]
[Site "Elgoibar"]
[Date "1997.12.02"]
[Round "7"]
[White "Sion Castro, Marcelino"]
[Black "Gomez Esteban, Juan Mario"]
[Result "0-1"]
[WhiteElo "2435"]
[BlackElo "2490"]
[Annotator "Hecht,H"]
[PlyCount "102"]
[EventDate "1997.11.26"]
[EventType "tourn"]
[EventRounds "9"]
[EventCountry "ESP"]
[EventCategory "10"]
[SourceTitle "CBM 063"]
[Source "ChessBase"]
[SourceDate "1998.03.26"]
[SourceVersion "1"]
[SourceVersionDate "1998.03.26"]
[SourceQuality "1"]

1. e4 e5 2. Nf3 Nc6 3. Bb5 a6 4. Ba4 Bc5 5. O-O d6 6. d4 exd4 7. Nxd4 Nge7 8.
Bg5 Bxd4 9. Bxc6+ bxc6 10. Qxd4 f6 11. Be3 c5 12. Qd2 O-O 13. Nc3 Bb7 14. Rad1
Ng6 15. Nd5 f5 16. exf5 Rxf5 17. c4 Bxd5 18. cxd5 Qh4 19. f4 Raf8 20. g3 Qg4
21. Qg2 R5f7 22. Bd2 Re7 23. Rde1 Rfe8 24. Re6 Nf8 25. Rxe7 Rxe7 26. Re1 Rxe1+
27. Bxe1 Nd7 28. Qe4 Nf6 29. Qd3 Qh5 30. Qxa6 Qd1 31. Qc8+ Kf7 32. Qe6+ Kg6 33.
g4 Qd4+ 34. Kg2 Qxf4 35. h3 Qd4 36. Qf5+ Kf7 37. Qe6+ Kf8 38. Qc8+ Ne8 39. Qf5+
Qf6 40. Bc3 Qxf5 41. gxf5 Nf6 42. Bxf6 gxf6 {[#] Weißer Gewinnplan: Decken des
Bd5 am besten von c4 aus mit dem König mit anschließendem Bilden eines
entfernten Freibauern mittels a3 und b4 oder Vorrücken des bereits vorhandenen
entfernten Freibauern auf der a-Linie. Tempo- und Zugzwangproblem. Falscher
Plan: Königswanderung zum schwarzen h-Bauern, wie in der Partie geschehen,
scheitert an der Freibauernbildung mit c7-c6. Mögliche Korrektur des falschen
Plans: Rückkehr des weißen Königs nach e4 sowie Vorrücken des a-Freibauern. 
Endspielmedaille für die weiße Antistrategie und die schwarze gelungene
Strategie} 43. Kg3 $6 (43. Kf3 Ke7 44. Ke4 Kd7 45. Kd3 c6 (45... Kc8 46. Kc4
Kb7 47. Kb5 $18 {[%cal Ra2a4,Ra4a5,Ra5a6] [#]}) 46. Kc4 {[#]} Kc7 47. a3 (47.
a4 Kb6 48. a5+ Kxa5 49. dxc6 Kb6 50. Kd5 Kc7 51. h4 $1 (51. b3 $2 h6 $1 52. h4
h5 53. Ke6 Kxc6 54. Kxf6 d5 55. Kg6 d4 56. f6 d3 57. f7 d2 58. f8=Q d1=Q $11)
51... h5 52. b3 {[#] Hauptgewinnstellung! Wichtig ist das Zurückhalten des
Tempozuges b3 bis zum Schluß}) 47... Kb6 48. h4 h5 49. b3 $1 (49. b4 cxb4 50.
axb4 c5 51. bxc5+ dxc5 52. d6 Kc6 53. d7 Kxd7 54. Kxc5 Kc7 $11) 49... Kc7 50.
b4 cxb4 51. axb4 c5 52. bxc5 dxc5 53. Kxc5 Kd7 54. d6 Kd8 55. d7 Kxd7 (55...
Kc7 56. d8=Q+ Kxd8 57. Kd6 $18) 56. Kd5 Ke7 57. Kc6 $18 {6.Reihe "absolut"})
43... Ke7 44. Kg4 $2 (44. Kf3 Kd7 45. Ke4 c6 (45... Kc8 46. Kd3 Kb7 47. Kc4 Kb6
48. b4 cxb4 49. Kxb4 h5 50. h4 Ka6 51. a4 Kb6 52. a5+ Ka6 53. Ka4 Ka7 54. Kb5
Kb7 55. a6+ Ka7 56. Kc6 Kb8 57. a7+ $18) 46. a4 (46. a3 Kc7 47. b4 c4 48. dxc6
Kxc6 49. Kd4 d5 50. a4 Kb6 $11) 46... Kc7 47. a5 Kb7 48. h4 h5 49. a6+ Kb6 (
49... Kxa6 50. dxc6 Kb6 51. Kd5 Kc7 52. b3 $22 $18) 50. a7 Kxa7 51. dxc6 Kb6
52. Kd5 Kc7 53. b3 $22 $18) 44... Kd7 45. Kh5 $4 (45. Kf3 Kc8 (45... c6 46. Ke4
Kc7 47. a4 Kb6 48. a5+ Kb5 49. a6 Kxa6 50. dxc6 Kb6 51. Kd5 Kc7 52. h4 h5 53.
b3 $18) 46. Ke4 Kb7 47. Kd3 Kb6 48. Kc4 Ka5 49. b3 h6 50. h4 h5 51. a3 Ka6 52.
b4 Kb6 (52... cxb4 53. Kxb4 Kb6 54. a4 c5+ 55. dxc6 Kxc6 56. Kc4 d5+ 57. Kd4
Kd6 58. a5 Kc6 59. a6 $18) 53. bxc5+ dxc5 54. a4 $18) 45... c6 46. dxc6+ Kxc6
47. Kg4 (47. Kh6 d5 48. Kh5 d4 49. Kg4 c4 50. Kf3 Kd5 51. Ke2 (51. b3 c3 52.
Ke2 Ke4 53. a4 d3+ 54. Kd1 Ke3 55. a5 d2 56. Kc2 Ke2 $19) 51... Ke5 {[%csl Rf5]
} 52. a4 Kd5 {[%csl Ra4][%cal Rd5c5,Rc5b4]}) 47... Kd5 48. Kf3 Ke5 {[%csl Rf5]
[#] Entscheidende Gewinnidee. Es droht Kxf5 begründet durch die Regel vom
Quadrat. Deshalb muß Weiß sofort a4 spielen und sich selbst die
partieentscheidende Bauern- und Felderschwäche bohren!} 49. a4 Kd5 50. b3 Kc6
51. Ke3 d5 {[%csl Ra4,Ya5,Yb4,Yc4][%cal Gc5c4,Gc6b6,Gb6a5,Ga5b4]} (51... d5 52.
h4 Kb6 53. Kd3 Ka5 54. Kc3 h5 55. Kd3 Kb4 56. Kc2 c4 57. bxc4 dxc4 $19 {
[%csl Ra4]}) 0-1